000 00430nam a2200157 i 4500
001 88483
003 ES-MaACL
005 20230906175853.0
007 t|
008 050104s1922 fr ||||1| fre d
100 1 _aLalo, Charles.
_969735
245 1 2 _aL'art et la morale /
_cpar Charles Lalo.
260 _aParĂ­s :
_b[s.n.,
_c1922] (
_eSaint-Denis :
_fJ. Dardaillon)
300 _a184 p. ;
_c18 cm.
852 _aES-MaACL
_jF-11852
999 _c88483
_d88483